Thermal design of underground systems /

Bibliographic Details
Main Author: Weedy, B. M. (Birron Mathew)
Format: Book
Language:English
Published: Chichester [England] ; New York : Wiley, [1988]
Subjects:

MARC

Tag First Indicator Second Indicator Subfields
LEADER 00000cam a2200000 a 4500
001 in00000035222
005 20151007055331.0
008 870616s1988 enka b 00110 eng
010 |a  87016078  
020 |a 0471916730 :  |c $50.00 (U.S.) 
035 |a (OCoLC)16128886 
035 |9 AAB7928AM 
040 |a DLC  |c DLC  |d TXA  |d UtOrBLW 
049 |a TXAM  |c [A11507567] 
050 0 0 |a TK3251  |b .W425 1988 
082 0 |a 621.319/22  |2 19 
100 1 |a Weedy, B. M.  |q (Birron Mathew) 
245 1 0 |a Thermal design of underground systems /  |c B.M. Weedy. 
264 1 |a Chichester [England] ;  |a New York :  |b Wiley,  |c [1988] 
264 4 |c ©1988 
300 |a xii, 218 pages :  |b illustrations ;  |c 24 cm. 
336 |a text  |b txt  |2 rdacontent 
337 |a unmediated  |b n  |2 rdamedia 
338 |a volume  |b nc  |2 rdacarrier 
504 |a Bibliography: pages 202-213. 
500 |a Includes index. 
650 0 |a Underground electric lines  |x Design and construction. 
650 0 |a Heat engineering. 
999 |a MARS 
999 f f |s bde9b5a9-1c04-322b-aa4f-807a7aa7fab7  |i dabffcff-51ae-30c3-ab65-b7615234a95d  |t 0 
952 f f |p ric  |a Texas A&M University  |b Rellis Campus  |c Joint Library Facility  |d Remote Storage  |t 0  |e TK3251 .W425 1988  |h Library of Congress classification  |i unmediated -- volume  |m A14811507567 
998 f f |a TK3251 .W425 1988  |t 0  |l Remote Storage